[Event "?"]
[Site "masterchessopen.com - Helsinki (Finland)"]
[Round "0"]
[White "Kanko Ilkka (FIN)"]
[Black "Norri Joose (FIN)"]
[Result "1-0"]
[WhiteElo "2231"]
[BlackElo "2291"]

1.d4 f5 2.Nf3 Nf6 3.g3 g6 4.Bg2 Bg7 5.O-O O-O 6.c4 d6 7.Nc3 c6 8.d5 e5 9.dxe6
Bxe6 10.b3 Qe7 11.Ba3 Rd8 12.Nd4 Na6 13.Qc2 Ne4 14.Nxe4 Bxd4 15.Rad1 Bc5
16.Nxc5 dxc5 17.Bb2 h6 18.e4 Nc7 19.Qc3 Kh7 20.Qe5 Re8 21.Rfe1 fxe4 22.Bxe4
Rad8 23.Rxd8 Rxd8 24.h4 Qf7 25.h5 Bf5 26.hxg6+ Bxg6 27.Bxg6+ Kxg6 28.Re4 Rg8
29.Qd6+ Kg5 30.Bc1+ {#r} 1-0

[Event "It"]
[Site "masterchessopen.com - Delmenhorst (Germany)"]
[Round "0"]
[White "Breutigam Martin (GER)"]
[Black "Rakic Tomislav (SRB)"]
[Result "0-1"]
[WhiteElo "2377"]
[BlackElo "2332"]

1.d4 g6 2.c4 Bg7 3.Nf3 f5 4.Nc3 Nf6 5.g3 O-O 6.Bg2 d6 7.O-O c6 8.d5 e5 9.dxe6
Bxe6 10.Qd3 Na6 11.Bf4 Ne8 12.Rad1 Nb4 13.Qe3 Bxc4 14.Nd4 Nf6 15.Nxf5 gxf5
16.Bxd6 Nbd5 17.Bxf8 Qxf8 18.Nxd5 Nxd5 19.Qf3 Re8 20.Rd2 Nb6 21.Bh3 Bh6 22.Rc2
Be6 23.Rd1 Nd5 24.e3 Bg7 25.a3 Nb6 26.Rd3 Nc4 27.Qe2 Nd6 28.Rcd2 Bc4 29.Qh5
Bxd3 30.Rxd3 Re6 31.Kg2 Rg6 32.Qf3 Bxb2 {#R} 0-1

[Event "?"]
[Site "masterchessopen.com - Dortmund (Germany)"]
[Round "8"]
[White "Lenz Thomas (GER)"]
[Black "Fahnenschmidt Willi (GER)"]
[Result "1-0"]
[WhiteElo "2248"]
[BlackElo "2244"]

1.c4 f5 2.Nf3 Nf6 3.g3 g6 4.Bg2 Bg7 5.Nc3 d6 6.d4 c6 7.O-O O-O 8.d5 e5 9.dxe6
Bxe6 10.b3 Ne4 11.Nxe4 Bxa1 12.Nxd6 Qd7 13.Bh6 Bg7 14.Bxg7 Qxg7 15.Ng5 Bc8
16.Bd5+ cxd5 17.Qxd5+ Kh8 18.Ndf7+ Kg8 19.Nh6+ Kh8 20.Ngf7+ {#r} 1-0

[Event "It (open)"]
[Site "masterchessopen.com - Endingen (Germany)"]
[Round "1"]
[White "Schlager Thomas (GER)"]
[Black "Kaiser Helmut (GER)"]
[Result "1-0"]
[WhiteElo "2262"]
[BlackElo "2049"]

1.d4 c6 2.c4 f5 3.Nf3 Nf6 4.g3 g6 5.Bg2 Bg7 6.O-O O-O 7.Nc3 d6 8.Re1 Qc7 9.d5
e5 10.dxe6 Nh5 11.Nd4 Bxd4 12.Qxd4 Bxe6 13.Bg5 Qg7 14.Qxg7+ Kxg7 15.b3 Rf7
16.Rad1 Rd7 17.e4 Kf7 18.exf5 gxf5 19.Bf3 Nf6 20.Bf4 d5 21.cxd5 Nxd5 22.Nxd5
cxd5 23.Bh5+ Ke7 24.Rd3 Na6 25.Rde3 Nc5 26.f3 a5 27.a3 d4 28.Re5 d3 29.Rxc5 d2
30.Rd1 {#r} 1-0

[Event "It (juniors)"]
[Site "masterchessopen.com - Espoo (Finland)"]
[Round "0"]
[White "Hakulinen Esko-Matti (FIN)"]
[Black "Micic Cedomir (SRB)"]
[Result "0-1"]
[WhiteElo "2328"]
[BlackElo "2366"]

1.d4 f5 2.g3 Nf6 3.Bg2 g6 4.Nf3 Bg7 5.O-O O-O 6.c4 c6 7.Nc3 d6 8.d5 e5 9.dxe6
Bxe6 10.b3 Ne4 11.Nxe4 Bxa1 12.Bh6 Bg7 13.Bxg7 Kxg7 14.Nxd6 Qe7 15.Qd4+ Kg8
16.Rd1 Na6 17.Qe5 Rad8 18.Rd2 Rd7 19.Ng5 Nc7 20.h4 h6 21.Nh3 Rfd8 22.Nf4 Bf7
23.Qxe7 Rxe7 24.Nxf5 Rxd2 25.Nxe7+ Kg7 26.Be4 g5 27.Nf5+ Kf6 28.Ng2 Bg6
29.Nge3 Rxe2 30.hxg5+ hxg5 31.Bf3 Re1+ {#R} 0-1

[Event "Zt"]
[Site "masterchessopen.com - Jakarta (Indonesia)"]
[Round "0"]
[White "Mascarinas Rico (PHI)"]
[Black "Depasquale Chris (AUS)"]
[Result "1-0"]
[WhiteElo "2425"]
[BlackElo "2290"]

1.d4 f5 2.g3 Nf6 3.Bg2 g6 4.Nf3 Bg7 5.O-O O-O 6.c4 d6 7.Nc3 c6 8.Re1 Qc7 9.d5
Na6 10.Nd4 Bd7 11.e4 fxe4 12.Nxe4 Nxe4 13.Rxe4 Rae8 14.Bg5 Qb6 15.Qd2 cxd5
16.cxd5 Nc5 17.Rh4 Rf7 18.b4 Na6 19.a3 Rc8 20.Re1 Qc7 21.Bxe7 Qc3 22.Qxc3 Rxc3
23.Bxd6 b5 24.Nc6 Bf6 25.Rhe4 Rxa3 26.Ne5 Bxe5 27.Rxe5 Rb3 28.R5e4 g5 29.h4 h6
30.Ra1 Rb2 31.f3 {#r} 1-0

[Event "Ch World (juniors) (under 20)"]
[Site "masterchessopen.com - Adelaide (Australia)"]
[Round "1"]
[White "Manor Ilan (ISR)"]
[Black "McCann Kevin (IRL)"]
[Result "1-0"]
[WhiteElo "2430"]
[BlackElo "2235"]

1.d4 f5 2.g3 g6 3.Bg2 Bg7 4.Nf3 Nf6 5.O-O O-O 6.c4 d6 7.Nc3 c6 8.Qc2 Qc7 9.b3
a5 10.Bb2 Na6 11.Rad1 Re8 12.Rfe1 Bd7 13.e4 Nb4 14.Qd2 fxe4 15.Nxe4 Nxe4
16.Rxe4 Nxa2 17.Ng5 Rad8 18.d5 Nb4 19.Bxg7 Kxg7 20.Qf4 Bf5 21.Qh4 Rh8 22.Bh3
{#r} 1-0

[Event "?"]
[Site "masterchessopen.com - Berlin (Germany)"]
[Round "1"]
[White "Rechlis Gad (ISR)"]
[Black "Grunberg Sergiu Henric (ROM)"]
[Result "1-0"]
[WhiteElo "2475"]
[BlackElo "2377"]

1.d4 f5 2.c4 Nf6 3.g3 g6 4.Bg2 Bg7 5.Nf3 c6 6.O-O O-O 7.Nc3 d6 8.Qc2 Kh8 9.b3
a5 10.Bb2 Na6 11.Rad1 Qc7 12.d5 Bd7 13.Rfe1 a4 14.e4 axb3 15.axb3 fxe4 16.Nxe4
cxd5 17.Nxf6 exf6 18.Nh4 dxc4 19.Nxg6+ hxg6 20.Qxg6 Bc6 21.Rd4 {#r} 1-0

[Event "It (open)"]
[Site "masterchessopen.com - Buenos Aires (Argentina)"]
[Round "0"]
[White "Servat Roberto (ARG)"]
[Black "Tovillas Daniel R (ARG)"]
[Result "1-0"]
[WhiteElo "2436"]
[BlackElo "2282"]

1.d4 f5 2.g3 Nf6 3.Bg2 g6 4.Nf3 Bg7 5.O-O O-O 6.c4 d6 7.Nc3 c6 8.d5 Qb6 9.Rb1
Qa6 10.b3 Nbd7 11.Nd4 cxd5 12.Nxd5 Nxd5 13.Bxd5+ Kh8 14.Ne6 Qxa2 15.Bd2 Nf6
16.Nxf8 Bxf8 17.Bc3 Qa3 18.Bxf6+ exf6 19.Qd4 Kg7 20.Ra1 Qc5 21.Qxc5 dxc5
22.Rfd1 {#r} 1-0

[Event "It (open)"]
[Site "masterchessopen.com - Mar del Plata (Argentina)"]
[Round "8"]
[White "Valiente Cristobal (PAR)"]
[Black "Chaves Jussara (BRA)"]
[Result "1-0"]
[WhiteElo "2263"]
[BlackElo "2081"]

1.Nf3 f5 2.g3 g6 3.Bg2 Bg7 4.d4 Nf6 5.c4 O-O 6.Nc3 c6 7.O-O d6 8.Qc2 Qe8 9.e4
Nxe4 10.Nxe4 fxe4 11.Qxe4 Bf5 12.Qh4 Nd7 13.Re1 Nf6 14.Bh6 Qd7 15.Rad1 Rae8
16.h3 Kh8 17.Ng5 Qc8 18.g4 Bd7 19.d5 e5 20.dxc6 Bxc6 21.Rxd6 Bxg2 22.Rxf6 Bxf6
23.Bg7+ {#r} 1-0

[Event "It (open)"]
[Site "masterchessopen.com - Martigny (Switzerland)"]
[Round "4"]
[White "Gerber Richard (SUI)"]
[Black "Bersutzki Gregory (ISR)"]
[Result "1-0"]
[WhiteElo "2370"]
[BlackElo "2149"]

1.d4 g6 2.c4 f5 3.Nc3 Nf6 4.g3 Bg7 5.Bg2 c6 6.Nf3 d6 7.O-O O-O 8.d5 a5 9.Nd4
Bd7 10.b3 c5 11.Ne6 Bxe6 12.dxe6 Nc6 13.Bb2 Rb8 14.e3 Qc8 15.Ne2 Nd8 16.Nf4 g5
17.Nd5 Qxe6 18.Nxf6+ Kh8 19.Bd5 Qc8 20.Nxh7 Kxh7 21.Qh5+ Bh6 22.f4 gxf4
23.exf4 e6 24.Rae1 Qd7 25.Bg2 Rg8 26.Rf2 Rg6 27.Rfe2 Nc6 28.Rxe6 {#r} 1-0

[Event "Ch Romania"]
[Site "masterchessopen.com - Predeal (Romania)"]
[Round "0"]
[White "Foisor Ovidiu Doru (ROM)"]
[Black "Marasescu Ioan (ROM)"]
[Result "1-0"]
[WhiteElo "2381"]
[BlackElo "2298"]

1.d4 f5 2.g3 Nf6 3.Bg2 g6 4.Nf3 Bg7 5.O-O O-O 6.c4 d6 7.Nc3 c6 8.d5 Bd7 9.Rb1
Na6 10.b4 Rc8 11.dxc6 bxc6 12.Qa4 Qb6 13.c5 dxc5 14.bxc5 Qxc5 15.Ba3 Qxc3
16.Rbc1 Nc5 17.Bxc5 Qb2 18.Rb1 Qxe2 19.Rfe1 Qd3 20.Ne5 Qc3 21.Rbc1 Qb2 22.Bxe7
Be6 23.Bxf8 Rxf8 24.Rc2 Qb5 25.Qxb5 cxb5 26.Nxg6 {#r} 1-0

[Event "It (open) \"]
[Site "masterchessopen.com - Cologne (Germany)"]
[Round "0"]
[White "Boehnke Martin (GER)"]
[Black "Jahr Ulrich Dr Dr (GER)"]
[Result "0-1"]
[WhiteElo "2175"]
[BlackElo "2145"]

1.d4 f5 2.c4 Nf6 3.Nf3 g6 4.g3 Bg7 5.Bg2 O-O 6.O-O d6 7.Nc3 c6 8.d5 e5 9.dxe6
Bxe6 10.Qb3 b5 11.Nd2 a6 12.a4 Qa5 13.Na2 Ne4 14.Nxe4 fxe4 15.Qb4 Qxb4 16.Nxb4
bxc4 17.Bxe4 d5 18.Bg2 a5 19.Na2 Na6 20.Rb1 Rab8 21.Bf4 Rxb2 22.Rxb2 Bxb2
23.Rb1 c3 24.Be5 d4 25.Nc1 Bf5 26.Nd3 Bxd3 27.exd3 c2 {#R} 0-1

[Event "It (open)"]
[Site "masterchessopen.com - Dortmund (Germany)"]
[Round "6"]
[White "Schwartzman Gabriel (USA)"]
[Black "Bornemann Michael (GER)"]
[Result "1-0"]
[WhiteElo "2533"]
[BlackElo "2162"]

1.c4 f5 2.Nc3 Nf6 3.Nf3 g6 4.g3 Bg7 5.Bg2 d6 6.d4 O-O 7.O-O c6 8.d5 e5 9.dxc6
bxc6 10.Qc2 Qe7 11.Rd1 Nbd7 12.b3 e4 13.Nd4 Ne5 14.f4 exf3 15.exf3 Bb7 16.f4
Neg4 17.h3 c5 18.Bxb7 Qxb7 19.Ne6 Qf3 20.Rd3 Qf2+ 21.Qxf2 Nxf2 22.Kxf2 Ne4+
23.Nxe4 fxe4 24.Rxd6 Bxa1 25.Nxf8 Rxf8 26.Rd5 Rf5 27.Be3 Rxd5 28.cxd5 {#r} 1-0

[Event "Bundesliga 1989/90 (2nd)"]
[Site "masterchessopen.com - Germany"]
[Round "0"]
[White "Schulze Eberhard (GER)"]
[Black "Wenner Tobias (GER)"]
[Result "1-0"]
[WhiteElo "2210"]
[BlackElo "2210"]

1.Nf3 f5 2.g3 g6 3.Bg2 Bg7 4.d4 Nf6 5.O-O O-O 6.c4 d6 7.Nc3 c6 8.d5 e5 9.dxc6
bxc6 10.b3 Qc7 11.Ba3 Rd8 12.Rc1 Na6 13.b4 Bd7 14.b5 e4 15.Bxd6 Qb6 16.Ne5
cxb5 17.c5 Nxc5 18.Bxc5 {#r} 1-0

[Event "Ch Europe (juniors)"]
[Site "masterchessopen.com - Groningen (Netherlands)"]
[Round "0"]
[White "Stangl Markus (GER)"]
[Black "Topalov Veselin (BUL)"]
[Result "0-1"]
[WhiteElo "2443"]
[BlackElo "2768"]

1.Nf3 f5 2.c4 Nf6 3.g3 g6 4.Bg2 Bg7 5.O-O O-O 6.d4 d6 7.Nc3 c6 8.d5 Bd7 9.Rb1
Na6 10.b4 Qe8 11.dxc6 bxc6 12.b5 cxb5 13.cxb5 Nc5 14.Nd4 Nfe4 15.Nxe4 Nxe4
16.Qb3+ Qf7 17.Be3 Qxb3 18.Rxb3 Rfc8 19.Rb4 d5 20.Rd1 e5 21.Nb3 d4 22.Bxe4
fxe4 23.Nc1 dxe3 {#R} 0-1

[Event "Ch Hamburg"]
[Site "masterchessopen.com - Hamburg (Germany)"]
[Round "0"]
[White "Kunsztowicz Uwe (GER)"]
[Black "Bertram Andreas (GER)"]
[Result "1-0"]
[WhiteElo "2234"]
[BlackElo "2183"]

1.d4 f5 2.g3 Nf6 3.Bg2 g6 4.Nf3 Bg7 5.O-O O-O 6.c4 d6 7.Nc3 c6 8.d5 e5 9.dxe6
Bxe6 10.b3 h6 11.Bb2 Qc7 12.Qc2 Nbd7 13.Nh4 Ne5 14.e4 fxe4 15.Nxe4 g5 16.Bxe5
Nxe4 17.Bxg7 Qxg7 18.Qxe4 Rae8 19.Nf3 Bd5 20.Qd3 Be4 21.Qd1 Qf6 22.Nd4 c5
23.Bxe4 Rxe4 24.Nb5 a6 25.Qd5+ {#r} 1-0

[Event "Ch Ukraine"]
[Site "masterchessopen.com - Kherson (Ukraine)"]
[Round "0"]
[White "Neverov Valeriy (UKR)"]
[Black "Savchenko Stanislav (UKR)"]
[Result "1-0"]
[WhiteElo "2430"]
[BlackElo "2480"]

1.d4 f5 2.c4 Nf6 3.Nf3 g6 4.g3 Bg7 5.Bg2 O-O 6.O-O d6 7.Nc3 c6 8.Qc2 Kh8 9.b3
Be6 10.Ng5 Bg8 11.e4 fxe4 12.Ncxe4 Nbd7 13.Bb2 Nxe4 14.Nxe4 d5 15.Nd2 e5
16.dxe5 Nxe5 17.Rae1 d4 18.h3 g5 19.Ne4 b6 20.Qd2 h6 21.f4 gxf4 22.gxf4 Nf7
23.f5 Be5 24.Nf2 c5 25.Bxa8 Qxa8 26.Ng4 {#r} 1-0

[Event "Ch Ukraine"]
[Site "masterchessopen.com - Kherson (Ukraine)"]
[Round "0"]
[White "Shneider Aleksandr (UKR)"]
[Black "Palatnik Semon (USA)"]
[Result "1-0"]
[WhiteElo "2529"]
[BlackElo "2460"]

1.d4 f5 2.Nf3 Nf6 3.g3 g6 4.Bg2 Bg7 5.O-O O-O 6.c4 d6 7.Nc3 c6 8.d5 e5 9.dxe6
Bxe6 10.Qd3 Na6 11.Bf4 Qa5 12.Bxd6 Rfd8 13.Rad1 Bf7 14.Ng5 Ne8 15.Nxf7 Kxf7
16.c5 Nxc5 17.Bd5+ Ne6 18.Bxe6+ Kxe6 19.Qc4+ Kf6 20.Bc5 Qc7 21.Bd4+ Ke7
22.Bxg7 Nxg7 23.Nd5+ Rxd5 24.Rxd5 Ne6 25.Rd3 f4 26.Rfd1 Rf8 27.Qb4+ c5 28.Qe4
Rf5 29.e3 fxg3 30.hxg3 {#r} 1-0

[Event "It (open)"]
[Site "masterchessopen.com - Novi Sad (Yugoslavia)"]
[Round "5"]
[White "Torbica M"]
[Black "Berkovich Mark A (ISR)"]
[Result "0-1"]
[WhiteElo "2260"]
[BlackElo "2397"]

1.d4 f5 2.g3 Nf6 3.Bg2 d6 4.Nf3 g6 5.O-O Bg7 6.c4 O-O 7.Nc3 c6 8.Bf4 Nh5 9.Qd2
Nxf4 10.gxf4 Nd7 11.d5 Qb6 12.Rfd1 Nc5 13.Nd4 Bd7 14.Rab1 a5 15.Qe3 e5 16.fxe5
f4 17.Qd2 dxe5 18.Nb3 Nxb3 19.axb3 Qxb3 20.Qd3 Bf5 21.Be4 Rad8 22.Rd2 Qb4
23.Rbd1 Bh6 24.Rc2 Kh8 25.Kh1 Qc5 26.f3 Rf6 27.Kg2 Bf8 28.Kh1 Bh3 29.Qd2 Qf2
30.e3 {#R} 0-1

[Event "It"]
[Site "masterchessopen.com - Sverdlovsk (Russia)"]
[Round "0"]
[White "Lisenko Alexander V (RUS)"]
[Black "Malaniuk Vladimir P (UKR)"]
[Result "1-0"]
[WhiteElo "2341"]
[BlackElo "2560"]

1.c4 f5 2.Nf3 d6 3.d4 Nf6 4.g3 g6 5.Bg2 Bg7 6.O-O O-O 7.Nc3 c6 8.b3 Qa5 9.Bd2
Qc7 10.Qc1 e5 11.dxe5 dxe5 12.Bh6 Na6 13.Rd1 Be6 14.Bxg7 Kxg7 15.Qa3 Rad8
16.Rxd8 Rxd8 17.Nxe5 g5 18.Nxc6 {#r} 1-0

[Event "It (open)"]
[Site "masterchessopen.com - Uzes (France)"]
[Round "0"]
[White "Maruejols Claude (FRA)"]
[Black "Baldy Philippe (FRA)"]
[Result "0-1"]
[WhiteElo "2034"]
[BlackElo "2181"]

1.d4 f5 2.Nf3 Nf6 3.g3 g6 4.Bg2 Bg7 5.O-O O-O 6.c4 d6 7.Nc3 c6 8.Qc2 Qc7 9.b3
e5 10.dxe5 dxe5 11.Bb2 e4 12.Nd4 Ng4 13.e3 a5 14.Nce2 Na6 15.Nf4 Qf7 16.Qd2 g5
17.Nh3 Qh5 18.Rae1 Nb4 19.f3 exf3 20.Rxf3 Ne5 21.Rff1 Ned3 22.a3 Nxe1 23.Rxe1
f4 24.axb4 Bxh3 25.Bxh3 Qxh3 26.exf4 gxf4 27.Ne6 Bxb2 28.Nxf8 Bf6 29.Ne6 fxg3
30.Re3 gxh2+ {#R} 0-1

[Event "It (open)"]
[Site "masterchessopen.com - Uzes (France)"]
[Round "0"]
[White "Veysseyre Didier (FRA)"]
[Black "Baldy Philippe (FRA)"]
[Result "0-1"]
[WhiteElo "2119"]
[BlackElo "2181"]

1.d4 f5 2.c4 Nf6 3.Nc3 d6 4.Nf3 g6 5.g3 Bg7 6.Bg2 O-O 7.O-O c6 8.Qc2 Qc7 9.b3
a5 10.Bb2 Na6 11.a3 e5 12.e3 e4 13.Nd2 Be6 14.Rac1 h5 15.Ne2 h4 16.Nf4 Bf7
17.gxh4 Qe7 18.Rce1 d5 19.f3 Bh6 20.fxe4 fxe4 21.Rf2 Ng4 22.Rff1 Qxh4 {#R} 0-1

[Event "It (open)"]
[Site "masterchessopen.com - Aachen (Germany)"]
[Round "4"]
[White "Kruglov Viktor (RUS)"]
[Black "Kuczynski Robert (POL)"]
[Result "0-1"]
[WhiteElo "2271"]
[BlackElo "2498"]

1.d4 f5 2.Nf3 Nf6 3.c4 g6 4.g3 Bg7 5.Bg2 O-O 6.O-O d6 7.Nc3 c6 8.Qc2 Na6 9.Rd1
Kh8 10.a3 Qe8 11.b4 Nc7 12.Bb2 e5 13.dxe5 dxe5 14.e4 f4 15.Rd6 Nh5 16.Qd3 Bg4
17.Nd2 fxg3 18.hxg3 Qe7 19.c5 Ne8 20.Nc4 Nxd6 21.cxd6 Qf7 22.Rf1 Be6 23.Ne3
Nf4 24.gxf4 exf4 25.Ned1 f3 26.Ne3 fxg2 27.Kxg2 Qf3+ 28.Kg1 Bh3 29.Qd1 Bxf1
{#R} 0-1

[Event "Ch Colombia"]
[Site "masterchessopen.com - Colombia"]
[Round "0"]
[White "Cuartas Carlos (COL)"]
[Black "Castro Oscar H (COL)"]
[Result "0-1"]
[WhiteElo "2256"]
[BlackElo "2382"]

1.Nf3 f5 2.g3 Nf6 3.Bg2 g6 4.O-O Bg7 5.c4 O-O 6.d4 d6 7.Nc3 c6 8.b3 Qc7 9.Ba3
a5 10.Rc1 Na6 11.d5 Bd7 12.Nd4 Nc5 13.Bb2 Qb6 14.e3 a4 15.Rb1 axb3 16.Nxb3 Qa6
17.Nxc5 dxc5 18.Qb3 Ne8 19.Rfd1 Nd6 20.Bf1 Qa5 21.a3 Rfb8 22.Qc2 Rd8 23.Rd2
Re8 24.Qd1 Bxc3 {#R} 0-1

[Event "Zt"]
[Site "masterchessopen.com - Kuala Lumpur (Malaysia)"]
[Round "0"]
[White "Ginting Nasib (INA)"]
[Black "Garbett Paul Anthony (NZL)"]
[Result "1-0"]
[WhiteElo "2385"]
[BlackElo "2290"]

1.d4 f5 2.Nf3 Nf6 3.g3 g6 4.Bg2 Bg7 5.c4 O-O 6.O-O d6 7.Nc3 c6 8.b3 a5 9.Bb2
Na6 10.Qd2 Qc7 11.d5 e5 12.dxe6 Bxe6 13.Ng5 Rfe8 14.e4 fxe4 15.Ncxe4 Nxe4
16.Nxe4 Red8 17.Rfe1 Nc5 18.Bxg7 Nxe4 19.Rxe4 Qxg7 20.Rae1 Bf7 21.Re7 Re8
22.h4 a4 23.Qxd6 Rxe7 24.Rxe7 Qa1+ 25.Kh2 Qxa2 26.Qf6 Rf8 27.Bh3 {#r} 1-0

[Event "It (open)"]
[Site "masterchessopen.com - Metz (France)"]
[Round "5"]
[White "Noire Eric (FRA)"]
[Black "Legky Nikolay A (UKR)"]
[Result "0-1"]
[WhiteElo "2061"]
[BlackElo "2421"]

1.c4 f5 2.Nc3 Nf6 3.d4 d6 4.g3 g6 5.Bg2 Bg7 6.Nf3 O-O 7.O-O c6 8.Qc2 Na6 9.a3
Qe8 10.e4 e5 11.dxe5 dxe5 12.b4 Nc7 13.Re1 f4 14.gxf4 Nh5 15.Ne2 Qf7 16.Be3
Nxf4 17.Nxf4 exf4 18.Bd4 Bxd4 19.Nxd4 Ne6 20.Nf3 g5 21.Qe2 g4 22.Ne5 Qg7
23.Qxg4 Ng5 {#R} 0-1

[Event "Memorial Goldberg"]
[Site "masterchessopen.com - Moscow (Russia)"]
[Round "9"]
[White "Tuzan O"]
[Black "Berkovich Mark A (ISR)"]
[Result "0-1"]
[WhiteElo "2200"]
[BlackElo "2330"]

1.d4 f5 2.g3 Nf6 3.Bg2 g6 4.c4 Bg7 5.Nc3 O-O 6.Nf3 d6 7.O-O c6 8.b3 Qa5 9.Bd2
Qc7 10.d5 Na6 11.Rc1 Bd7 12.Nd4 Qb6 13.Na4 Qxd4 14.e3 Qg4 15.Bf3 Qh3 16.c5 Ng4
17.Bxg4 fxg4 {#R} 0-1

[Event "Match 4 Teams"]
[Site "masterchessopen.com - Reykjavik (Iceland)"]
[Round "0"]
[White "Browne Walter S (USA)"]
[Black "Dolmatov Sergey (RUS)"]
[Result "0-1"]
[WhiteElo "2560"]
[BlackElo "2620"]

1.d4 f5 2.c4 Nf6 3.Nf3 g6 4.g3 Bg7 5.Bg2 O-O 6.O-O d6 7.Nc3 c6 8.b3 Qa5 9.Bb2
e5 10.dxe5 dxe5 11.e4 f4 12.Na4 Re8 13.Re1 Bg4 14.Qd6 Nbd7 15.Bc3 Qd8 16.Rad1
Bf8 17.Qd3 Qc7 18.gxf4 Nh5 19.fxe5 Nf4 20.Qd2 Nxg2 21.Kxg2 Nc5 22.Qf4 Bh5
23.Qg3 Ne6 24.Nb2 Bh6 25.Nd3 Rad8 26.Kh1 Qf7 27.Nh4 Bg5 28.Ng2 Bf3 29.Nb2 Bxd1
30.Nxd1 Rf8 31.Qh3 {#R} 0-1

[Event "It (KO-system)"]
[Site "masterchessopen.com - Rotterdam (Netherlands)"]
[Round "0"]
[White "Douven Rudy C (NED)"]
[Black "Timmerman Gert J (NED)"]
[Result "1-0"]
[WhiteElo "2440"]
[BlackElo "2300"]

1.d4 f5 2.Nf3 Nf6 3.c4 g6 4.g3 Bg7 5.Bg2 O-O 6.O-O d6 7.Nc3 c6 8.d5 Qa5 9.Nd4
Qc5 10.Be3 Qxc4 11.dxc6 bxc6 12.Rc1 Qa6 13.b4 Bb7 14.Ne6 Rc8 15.a4 Nbd7 16.Qb3
Kh8 17.Bd4 Ne5 18.Bxe5 dxe5 19.Ng5 h6 20.Nf7+ Kh7 21.Nxe5 c5 22.b5 Qb6 23.Bxb7
Qxb7 24.Qf7 Ne4 25.Qxg6+ Kg8 26.Qe6+ Kh8 27.Nf7+ {#r} 1-0

[Event "Ch Schleswig Holstein (j)"]
[Site "masterchessopen.com - Schleswig Holstein (Germany)"]
[Round "0"]
[White "Nickel Arno (GER)"]
[Black "Krause Ullrich (GER)"]
[Result "0-1"]
[WhiteElo "2128"]
[BlackElo "2311"]

1.d4 f5 2.g3 Nf6 3.Bg2 g6 4.Nf3 Bg7 5.O-O O-O 6.c4 d6 7.Nc3 c6 8.b3 Ne4 9.Bb2
Nxc3 10.Bxc3 Nd7 11.Rc1 Nf6 12.d5 Bd7 13.Nd4 Qe8 14.Qd3 Rc8 15.Ba1 Qf7 16.Nf3
h6 17.Rfd1 cxd5 18.cxd5 g5 19.e3 f4 20.Rxc8 Rxc8 21.exf4 gxf4 22.Nh4 Ng4
23.Bxg7 Qxg7 24.Qd2 Rf8 25.Rf1 Bb5 26.Re1 fxg3 27.fxg3 Rf2 28.Qb4 a5 29.Qxb5
Qd4 30.Kh1 Rf7 {#R} 0-1

[Event "Ch Spain (team)"]
[Site "masterchessopen.com - Spain"]
[Round "0"]
[White "Franco Ocampos Zenon (PAR)"]
[Black "Nunez Vallina Jose Antonio (ESP)"]
[Result "1-0"]
[WhiteElo "2495"]
[BlackElo "2380"]

1.c4 f5 2.Nf3 Nf6 3.g3 g6 4.Bg2 Bg7 5.O-O O-O 6.Nc3 d6 7.d4 c6 8.b3 a5 9.Bb2
Qc7 10.d5 Bd7 11.Nd4 Na6 12.e3 Nc5 13.Qc2 a4 14.Rab1 axb3 15.axb3 Qb6 16.b4
Na6 17.dxc6 Nxb4 18.Qb3 bxc6 19.c5+ {#r} 1-0

[Event "It (open)"]
[Site "masterchessopen.com - USA"]
[Round "0"]
[White "Hough Randall D (USA)"]
[Black "Rolletschek Heinrich (AUT)"]
[Result "0-1"]
[WhiteElo "1993"]
[BlackElo "2238"]

1.d4 f5 2.g3 Nf6 3.Bg2 g6 4.c4 Bg7 5.Nc3 d6 6.Nf3 O-O 7.O-O c6 8.d5 e5 9.dxe6
Bxe6 10.Qd3 Na6 11.Ng5 Qe7 12.Bf4 Rfd8 13.e4 Nc5 14.Qe2 Ncxe4 15.Ncxe4 fxe4
16.Nxe4 Nxe4 17.Qxe4 Qf7 18.Rfe1 Bxc4 19.Qe7 Rd7 20.Qxf7+ Kxf7 21.Bh3 Rdd8
22.Rad1 Bxa2 23.Bxd6 Bf6 24.Bc7 Rxd1 25.Rxd1 Be6 26.Bg2 Rc8 27.Bf4 Rd8 {#R}
0-1

[Event "It"]
[Site "masterchessopen.com - Aarhus (Denmark)"]
[Round "9"]
[White "Johansson Per (SWE)"]
[Black "Hoiberg Nina (DEN)"]
[Result "0-1"]
[WhiteElo "2031"]
[BlackElo "2275"]

1.d4 d6 2.Nf3 f5 3.g3 g6 4.Bg2 Bg7 5.c4 c6 6.Nc3 Nf6 7.O-O O-O 8.Qb3 e6 9.Bg5
h6 10.Bxf6 Qxf6 11.e4 Nd7 12.Rfe1 g5 13.e5 dxe5 14.Nxe5 Nxe5 15.dxe5 Qe7
16.Qa3 Qxa3 17.bxa3 Rd8 18.Rad1 Bd7 19.Na4 Bf8 20.c5 Be8 21.f4 Bh5 22.Rxd8
Rxd8 23.Rb1 Rd1+ 24.Rxd1 Bxd1 25.Nb2 Bxc5+ 26.Kf1 Bc2 27.Ke2 Bg1 28.h3 Bh2
29.fxg5 Bxg3 30.gxh6 Bxe5 31.Nc4 Bc7 {#R} 0-1

[Event "It (open)"]
[Site "masterchessopen.com - Bad Woerishofen (Germany)"]
[Round "0"]
[White "Farago Ivan (HUN)"]
[Black "Renner Christoph (GER)"]
[Result "1-0"]
[WhiteElo "2488"]
[BlackElo "2432"]

1.d4 f5 2.c4 Nf6 3.Nc3 g6 4.g3 Bg7 5.Bg2 d6 6.Nf3 O-O 7.O-O c6 8.d5 e5 9.dxe6
Bxe6 10.b3 Na6 11.Bb2 Qe7 12.Ng5 Bd7 13.Qc2 Rad8 14.Rad1 h6 15.Nf3 Be6 16.Rfe1
Nc5 17.Nd4 Bf7 18.e3 Nce4 19.Nxe4 Nxe4 20.g4 Qg5 21.gxf5 gxf5 22.f4 Qg4
23.Nxf5 Qxf5 24.Bxe4 {#r} 1-0

[Event "It"]
[Site "masterchessopen.com - Baku (Azerbaijan)"]
[Round "0"]
[White "Sideif-Sade Fikret I (AZE)"]
[Black "Sofieva Ainur (AZE)"]
[Result "1-0"]
[WhiteElo "2381"]
[BlackElo "2313"]

1.d4 f5 2.Nf3 Nf6 3.g3 g6 4.Bg2 Bg7 5.O-O O-O 6.c4 d6 7.Nc3 c6 8.b3 a5 9.Bb2
Na6 10.d5 e5 11.dxc6 bxc6 12.Qd2 Qe7 13.Rad1 Rd8 14.Nxe5 Qxe5 15.Bxc6 Rb8
16.Nd5 Ne4 17.Bxe5 Nxd2 18.Bxg7 Nxf1 19.Bf6 Rf8 20.Be7 Nxg3 21.hxg3 Bb7
22.Bxd6 Bxc6 23.Ne7+ Kf7 24.Nxc6 Rbd8 25.Nxd8+ Rxd8 26.Rd2 a4 27.b4 Rc8 28.b5
{#r} 1-0

[Event "It (juniors) (under 18)"]
[Site "masterchessopen.com - Buenos Aires (Argentina)"]
[Round "7"]
[White "Celis Gustavo (ARG)"]
[Black "Fraschini Mariano (ARG)"]
[Result "0-1"]
[WhiteElo "2379"]
[BlackElo "2370"]

1.Nf3 d6 2.d4 f5 3.g3 g6 4.Bg2 Nf6 5.O-O Bg7 6.c4 O-O 7.Nc3 c6 8.d5 e5 9.e4 c5
10.Rb1 h6 11.Nh4 Kh7 12.exf5 gxf5 13.Bh3 f4 14.Qd3+ Kg8 15.Be6+ Bxe6 16.dxe6
Nc6 17.Nd5 Nxd5 18.cxd5 Nd4 19.b4 c4 20.Qxc4 e4 21.Rd1 b5 22.Qf1 e3 23.fxe3
fxg3 24.Qg2 Qxh4 25.exd4 gxh2+ 26.Qxh2 Qg4+ {#R} 0-1